Statistics for Bon Jovi Songs Quiz

Click here to take the quiz!

General Stats

  • This quiz has been taken 1,405 times
    (458 since last reset)
  • The average score is 55 of 201

Answer Stats

Bon Jovi % Correct
Livin' on a Prayer
95%
You Give Love a Bad Name
83%
It's My Life
80%
Keep the Faith
79%
Runaway
76%
Have a Nice Day
76%
Wanted Dead or Alive
74%
Always
74%
Bed of Roses
74%
Bad Medicine
74%
These Days
71%
Lost Highway
64%
I'll Be There For You
64%
This House is Not For Sale
61%
Bounce
60%
Born to Be My Baby
57%
Lay Your Hands on Me
55%
Never Say Goodbye
55%
This Ain't a Love Song
52%
In and Out of Love
50%
Someday I'll Be Saturday Night
49%
Dry County
48%
Blood on Blood
47%
In These Arms
46%
Who Says You Can't Go Home
45%
What About Now
45%
Shot Through the Heart
45%
Raise Your Hands
45%
Who Says You Can't Go Home (ft. Jennifer Nettles)
45%
Hey God
44%
We Weren't Born to Follow
44%
Thank You for Loving Me
42%
Let it Rock
41%
I'll Sleep When I'm Dead
41%
Burning Bridges
40%
I'd Die for You
39%
Living in Sin
39%
Captain Crash & the Beauty Queen from Mars
39%
I Believe
38%
Something for the Pain
38%
She Don't Know Me
38%
One Wild Night
38%
99 in the Shade
36%
Social Disease
36%
(You Want To) Make a Memory
36%
Wild is the Wind
36%
Wild in the Streets
36%
Lie to Me
36%
Love for Sale
35%
Diamond Ring
35%
Everyday
34%
My Guitar Lies Bleeding in My Arms
34%
Because We Can
34%
Stick to Your Guns
34%
Ride Cowboy Ride
34%
Tokyo Road
33%
Roulette
33%
Say It Isn't So
33%
Silent Night
33%
Only Lonely
32%
If I Was Your Mother
32%
Just Older
32%
Mystery Train
31%
Two Story Town
31%
All About Lovin' You
31%
Joey
31%
Damned
30%
Undivided
30%
Superman Tonight
30%
Roller Coaster
30%
We Got It Going On (ft. Big & Rich)
29%
Next 100 Years
28%
Breakout
28%
Welcome to Wherever You Are
28%
Blame It on the Love of Rock & Roll
28%
Something to Believe In
28%
Homebound Train
28%
Amen
28%
Save a Prayer
27%
I Want You
27%
She's a Mystery
27%
I Got the Girl
27%
King of the Mountain
27%
Misunderstood
26%
Work for the Working Man
26%
Without Love
26%
When We Were Beautiful
26%
Wildflower
25%
Knockout
25%
Fear
25%
Love Lies
25%
Hearts Breaking Even
25%
I Love This Town
25%
The Hardest Part is the Night
25%
Fast Cars
24%
If That's What It Takes
24%
Novocaine
24%
Last Cigarette
24%
We Don't Run
24%
Whole Lot of Leavin'
24%
I Am
23%
Last Man Standing
23%
Bells of Freedom
23%
Burning for Love
23%
Bitter Wine
23%
Woman in Love
22%
Get Ready
22%
(It's Hard) Letting You Go
22%
Saturday Night Gave Me Sunday Morning
22%
Seat Next to You
22%
Summertime
22%
Prayer 94
22%
Scars on This Guitar
21%
The Distance
21%
Reunion
21%
No Apologies
21%
Brokenpromiseland
21%
Till We Ain't Strangers Anymore (ft. LeAnn Rimes)
21%
Hook Me Up
21%
What Do You Got?
20%
Right Side of Wrong
20%
Living With the Ghost
20%
Complicated
20%
Open All Night
20%
Come On Up to Our House
20%
That's What the Water Made Me
20%
Happy Now
20%
God Bless This Mess
20%
Bullet
19%
Learn to Love
19%
Pictures of You
19%
You Had Me from Hello
19%
New Year's Day
19%
Born Again Tomorrow
18%
Little Bit of Soul
18%
Secret Dreams
18%
Labour of Love
18%
Come Back
18%
Love Me Back to Life
18%
Any Other Day
18%
Save the World
18%
All I Want Is Everything
17%
Story of My Life
16%
Everybody's Broken
16%
To the Fire
16%
The Fighter
16%
Room at the End of the World
16%
Army of One
16%
Always Run to You
16%
I Want to Be Loved
16%
What's Left of Me
16%
Love's the Only Rule
16%
The Devil's in the Temple
16%
Dirty Little Secret
16%
The Price of Love
16%
Thick as Thieves
15%
Beautiful World
15%
I'm With You
15%
Thorn in My Side
15%
I Could Make a Living Out of Lovin' You
15%
Unbreakable
14%
A Teardrop to the Sea
14%
Postcards from the Wasteland
13%
Neurotica
13%
Love is War
13%
All Hail the King
13%
These Open Arms
12%
Who Would You Die For?
12%
Blind Love
12%
The Last Night
12%
Live Before You Die
12%
Real Love
11%
This Is Our House
11%
We All Fall Down
11%
Fingerprints
11%
The More Things Change
11%
I'm Your Man
10%
Put the Boy Back in Cowboy
10%
The Boys are Back in Town (Thin Lizzy Cover)
10%
Life is Beautiful
10%
This Is Love, This Is Life
10%
One Step Closer
10%
Lonely
9%
Goodnight New York
9%
No Regrets
8%
With These Two Hands
8%
I Will Drive You Home
8%
Let's Make it Baby
8%
Starting All Over Again
6%
Does Anybody Really Fall in Love Anymore?
6%
Touch of Grey
6%
Full Moon High
6%
Backdoor to Heaven
5%
House of Fire
5%
Love Hurts
5%
Growin' Up the Hard Way
5%
Into The Echo
5%
Walk Like a Man
5%
Colour Me In
5%
Now and Forever
4%
Judgement Day
4%

Score Distribution

Percentile by Number Answered

Percent of People with Each Score

Your Score History

You have not taken this quiz since the last reset